000 00916nam a2200277 a 4500
001 000045749
003 DO-SdBPM
005 20241101114255.0
007 000045749
008 150511s2007 dr a 000 0 spa d
020 _a9789945429039
040 _aBPMSU
_bspa
_cBPMSU
082 4 _aRD863.5
_bA473u 2014
_222
100 1 _aÁlvarez, Julia,
_d1950-
_958
245 1 3 _aUn regalo de gracias :
_bla leyenda de la Altagracia /
_cJulia Álvarez ; ilustración de Amaya Salazar
260 _aSanto Domingo :
_bAlfaguara,
_c2007
_c2011 (reimpresión)
300 _a40 p. :
_bil. ;
_c28 cm.
490 0 _aAlfaguara infantil
590 _aInventariado, 2024/VM
650 4 _aCuentos infantiles dominicanos
650 4 _aLiteratura infantil dominicana
700 1 _aSalazar, Amaya,
_eilustración
700 1 _aValenzuela, Liliana,
_eilustración
910 _aVMateo V. Control de calidad. BPMSU
942 _2ddc
_cBK
999 _c7876
_d7876